ՄԱՅՐ ԱԹՈՌ ՍՈՒՐԲ ԷՋՄԻԱԾԻՆ

«ՎԱՉԵ ԵՎ ԹԱՄԱՐ ՄԱՆՈՒԿՅԱՆ» ՄԱՏԵՆԱԴԱՐԱՆ

An introduction to biblical hebrew / (Record no. 72231)

MARC details
000 -LEADER
fixed length control field 00547nam a22002057a 4500
003 - CONTROL NUMBER IDENTIFIER
control field SEM
005 - DATE AND TIME OF LATEST TRANSACTION
control field 20220608074949.0
008 - FIXED-LENGTH DATA ELEMENTS--GENERAL INFORMATION
fixed length control field 220203s2001 us ||||gr|||||00| 0 eng|d
040 ## - CATALOGING SOURCE
Original cataloging agency SEM
Transcribing agency SEM
041 ## - LANGUAGE CODE
Language code of text/sound track or separate title eng
080 ## - UNIVERSAL DECIMAL CLASSIFICATION NUMBER
Universal Decimal Classification number 809.245/M-35
100 ## - MAIN ENTRY--PERSONAL NAME
Personal name Martin Raymond A.
245 ## - TITLE STATEMENT
Title An introduction to biblical hebrew /
Statement of responsibility, etc. R. A. Martin
260 ## - PUBLICATION, DISTRIBUTION, ETC.
Place of publication, distribution, etc. Bangalore :
Name of publisher, distributor, etc. Theological publ.,
Date of publication, distribution, etc. 2001.
300 ## - PHYSICAL DESCRIPTION
Extent VI+168 p. ;
Dimensions 24 cm
504 ## - BIBLIOGRAPHY, ETC. NOTE
Bibliography, etc. note Vocabulary p.: 129-166; Index p.: 167-168
650 ## - SUBJECT ADDED ENTRY--TOPICAL TERM
Topical term or geographic name entry element Hebrew
653 ## - INDEX TERM--UNCONTROLLED
Uncontrolled term ՍԷՄ
942 ## - ADDED ENTRY ELEMENTS (KOHA)
Source of classification or shelving scheme Universal Decimal Classification
Koha item type Գրքեր/Books
Holdings
Withdrawn status Lost status Source of classification or shelving scheme Damaged status Not for loan Collection code Home library Current library Date acquired Cost, normal purchase price Inventory number Total Checkouts Full call number Barcode Date last seen Price effective from Koha item type Public note
    Universal Decimal Classification     Գրապահոց Մայր Աթոռ Սուրբ Էջմիածին «Վաչե և Թամար Մանուկյան» Մատենադարան Մայր Աթոռ Սուրբ Էջմիածին «Վաչե և Թամար Մանուկյան» Մատենադարան 08/02/2022 2000.00 E-5457   809.245/M-35 E-5457 08/02/2022 08/02/2022 Գրքեր/Books Սպասարկվում է ընթերցասրահ